000 00657nas a2200241 4500
001 BR9505219
003 BR-BrBNA
005 20231205094156.0
007 ta
008 230509b bl.|||p| |||| 00| 00por d
040 _aBR-BrBNA
_bpor
_cBiblioteca Nacional de Agricultura
041 _a(Pt)
072 _aL73
100 1 _aReis, R.
245 1 _aSalmoneloses em aves
650 _aAve Domestica
650 _aSalmonelose
650 _aOvo
650 _aIncubacao
773 0 _tChacaras e Quintais. Avicultura Industrial (Brazil)
_x
_g(Nov 1969), v. 60(719) p. 32-34
_wBR9505219
909 _a202311
_bLúcia
_c55
_dLúcia Elande
942 _2AGRIS
_n0
_cANA
999 _c142560
_d142560